[Event "Titled Tuesday 2024.07.02 Late"]
[Site "chess.com INT"]
[Date "2024.07.02"]
[Round "9"]
[White "Thavandiran, Shiyam"]
[Black "Perez Marimon, Jorge De Jesus"]
[Result "1-0"]
[WhiteElo "2387"]
[BlackElo "2281"]
[WhiteFideId "-1"]
[WhiteFideId "-1"]
[PlyCount "77"]
[GameId "2130307542352979"]
[EventDate "2024.07.02"]
[EventType "swiss (blitz)"]
[EventRounds "11"]
[EventCountry "NET"]
[SourceTitle "The Week in Chess 1548"]
[Source "Mark Crowther"]
[SourceDate "2024.07.08"]
[SourceVersion "1"]
[SourceVersionDate "2024.07.08"]
[SourceQuality "2"]

1. e4 c5 2. Nf3 g6 3. d4 cxd4 4. Nxd4 Nc6 5. Nc3 Bg7 6. Nb3 Nf6 7. Be2 O-O 8. O-O d6 9. Re1 a5 10. a4 Nb4 11. Bg5 Bd7 12. Qd2 Rc8 13. Bf1 Ng4 14. Rac1 h6 15. Bf4 g5 16. Bg3 Ne5 17. Nb5 Nc4 18. Bxc4 Rxc4 19. c3 Na6 20. N3d4 Rc8 21. Rcd1 Nc5 22. Qc2 Qb6 23. h4 Nxa4 24. Qxa4 Bxd4 25. Qxd4 Qxb5 26. hxg5 hxg5 27. e5 Qc4 28. Qe3 Qg4 29. Rd4 Qh5 30. exd6 exd6 31. Bxd6 Rfe8 32. Be7 Rxe7 33. Qxe7 Re8 34. Rxd7 Rxe7 35. Rexe7 a4 36. Rxf7 Qe2 37. Rfe7 Qh5 38. Rd8+ Qe8 39. Rdxe8# 1-0

[Event "Titled Tuesday 2024.07.02 Late"]
[Site "chess.com INT"]
[Date "2024.07.02"]
[Round "10"]
[White "Petriashvili, Nikoloz"]
[Black "Thavandiran, Shiyam"]
[Result "0-1"]
[WhiteElo "2463"]
[BlackElo "2387"]
[WhiteFideId "-1"]
[WhiteFideId "-1"]
[PlyCount "100"]
[GameId "2130307542357103"]
[EventDate "2024.07.02"]
[EventType "swiss (blitz)"]
[EventRounds "11"]
[EventCountry "NET"]
[SourceTitle "The Week in Chess 1548"]
[Source "Mark Crowther"]
[SourceDate "2024.07.08"]
[SourceVersion "1"]
[SourceVersionDate "2024.07.08"]
[SourceQuality "2"]

1. e4 e6 2. Qe2 c5 3. Nf3 Nc6 4. g3 g6 5. c3 Bg7 6. Bg2 Nge7 7. O-O e5 8. d3 O-O 9. Na3 d6 10. Re1 h6 11. Nc4 Be6 12. a4 Rb8 13. Nh4 Qd7 14. f4 exf4 15. gxf4 d5 16. Ne3 dxe4 17. dxe4 Rfe8 18. Qf2 Bb3 19. e5 Rbd8 20. Nf1 Bd5 21. Nf3 Na5 22. Be3 b6 23. Rad1 Qxa4 24. Ng3 Bb3 25. Rxd8 Rxd8 26. f5 gxf5 27. Nd2 Be6 28. Nh5 Ng6 29. Nf3 Rd1 30. Nf6+ Bxf6 31. exf6 f4 32. Bd2 Nc4 33. Bc1 Rxe1+ 34. Qxe1 Qc2 35. b4 a5 36. bxc5 bxc5 37. Bf1 Kh7 38. Bxc4 Bxc4 39. Ba3 Bd5 40. Qe8 Qb1+ 41. Ne1 Qf5 42. Bxc5 Qg5+ 43. Kf2 Qxf6 44. Bd4 Qh4+ 45. Ke2 Qxh2+ 46. Kd1 Qh5+ 47. Kc1 Qf5 48. Nc2 f3 49. Ne3 Qe6 50. Qb8 f2 0-1

[Event "Candidates Blitz"]
[Site "Toronto CAN"]
[Date "2024.04.08"]
[Round "3.12"]
[White "Li, Yunshan"]
[Black "Thavandiran, Shiyam"]
[Result "0-1"]
[WhiteElo "2262"]
[BlackElo "2347"]
[WhiteFideId "-1"]
[WhiteFideId "-1"]
[PlyCount "76"]
[GameId "2160767905997824"]
[EventDate "2024.04.08"]
[EventType "swiss (blitz)"]
[EventRounds "9"]
[EventCountry "CAN"]
[SourceTitle "10 Days #756"]
[Source "ChessMix "]
[SourceDate "2024.04.20"]
[SourceVersion "1"]
[SourceVersionDate "2024.04.20"]
[SourceQuality "1"]

1. d4 e6 2. c4 Bb4+ 3. Bd2 a5 4. g3 d6 5. Bg2 Nc6 6. Nf3 e5 7. d5 Bxd2+ 8. Nbxd2 Nb8 9. O-O f5 10. e4 Nf6 11. Ne1 O-O 12. Nd3 fxe4 13. Nxe4 Bf5 14. Qe2 Nbd7 15. c5 Qe7 16. cxd6 cxd6 17. Nxf6+ Nxf6 18. f4 e4 19. Nf2 e3 20. Nd1 Rfe8 21. Re1 Qc7 22. Bf3 Be4 23. Nxe3 Qb6 24. Bxe4 Rxe4 25. Qf2 Rae8 26. Nc2 Qxb2 27. Rxe4 Nxe4 28. Qe2 Nf6 29. Qd2 Ne4 30. Qe2 Nf6 31. Qd2 Rc8 32. Rc1 Qxa2 33. Qd1 Qxd5 34. Qe1 Qc5+ 35. Kg2 a4 36. Qd2 Qd5+ 37. Qxd5+ Nxd5 38. Kf3 Nb4 0-1

[Event "Candidates Blitz"]
[Site "Toronto CAN"]
[Date "2024.04.08"]
[Round "4.1"]
[White "Thavandiran, Shiyam"]
[Black "Mamedyarov, Shakhriyar"]
[Result "1/2-1/2"]
[WhiteElo "2347"]
[BlackElo "2733"]
[WhiteFideId "-1"]
[WhiteFideId "-1"]
[PlyCount "106"]
[GameId "2160767905997825"]
[EventDate "2024.04.08"]
[EventType "swiss (blitz)"]
[EventRounds "9"]
[EventCountry "CAN"]
[SourceTitle "10 Days #756"]
[Source "ChessMix "]
[SourceDate "2024.04.20"]
[SourceVersion "1"]
[SourceVersionDate "2024.04.20"]
[SourceQuality "1"]

1. e4 d5 2. exd5 Qxd5 3. Nc3 Qa5 4. d4 Nf6 5. Nf3 Bf5 6. Bc4 e6 7. Bd2 Bb4 8. a3 Bxc3 9. Bxc3 Qb6 10. d5 Nbd7 11. Nd4 O-O-O 12. Nxf5 exf5 13. O-O Rhe8 14. Bd4 Qd6 15. Bxa7 Nb6 16. Bxb6 Ng4 17. g3 Qxb6 18. Be2 Nf6 19. Bf3 Qxb2 20. c4 Ne4 21. Rb1 Qc3 22. Bxe4 Rxe4 23. Qa4 Rxc4 24. Qa8+ Kd7 25. Qxb7 Ke7 26. Rb3 Qd4 27. Re3+ Kf8 28. Rfe1 g6 29. a4 Qxd5 30. Re8+ Kg7 31. Qb2+ Qd4 32. Qxd4+ Rdxd4 33. a5 Ra4 34. R8e5 Rdc4 35. Rd1 Rc2 36. Re7 Rxa5 37. Rdd7 Kf6 38. Rxf7+ Ke5 39. Rde7+ Kd4 40. Rxc7 Rb2 41. Rfd7+ Ke5 42. Re7+ Kf6 43. Rf7+ Ke6 44. Rxh7 Ra1+ 45. Kg2 Raa2 46. Rhe7+ Kf6 47. Rf7+ Ke6 48. Rce7+ Kd6 49. Rd7+ Ke6 50. Rde7+ Kd6 51. Rd7+ Ke5 52. Rfe7+ Kf6 53. Rf7+ Ke6 1/2-1/2

[Event "Candidates Blitz"]
[Site "Toronto CAN"]
[Date "2024.04.08"]
[Round "5.5"]
[White "Pourkashiyan, Atousa"]
[Black "Thavandiran, Shiyam"]
[Result "0-1"]
[WhiteElo "2271"]
[BlackElo "2347"]
[WhiteFideId "-1"]
[WhiteFideId "-1"]
[PlyCount "134"]
[GameId "2160767905997841"]
[EventDate "2024.04.08"]
[EventType "swiss (blitz)"]
[EventRounds "9"]
[EventCountry "CAN"]
[SourceTitle "10 Days #756"]
[Source "ChessMix "]
[SourceDate "2024.04.20"]
[SourceVersion "1"]
[SourceVersionDate "2024.04.20"]
[SourceQuality "1"]

1. e4 e6 2. d4 d5 3. Nd2 c5 4. exd5 Qxd5 5. Ngf3 cxd4 6. Bc4 Qd6 7. O-O Nf6 8. Nb3 Nc6 9. Nbxd4 Nxd4 10. Nxd4 Be7 11. c3 O-O 12. Qf3 Qc7 13. Bb3 Bd7 14. Bg5 a5 15. Bc2 a4 16. Rad1 Ra5 17. Bh4 Qb6 18. b4 axb3 19. axb3 Rc8 20. c4 Ra2 21. Qd3 g6 22. Bb1 Ra5 23. b4 Rh5 24. Nf3 Ba4 25. Qd4 Qxd4 26. Rxd4 e5 27. Rd2 e4 28. Bxf6 Bxf6 29. Bxe4 Rxc4 30. Bxb7 Rxb4 31. Bd5 Rf5 32. Ba2 Rb7 33. h3 h5 34. Nd4 Rc5 35. Nf3 Kg7 36. Bd5 Rd7 37. Ba2 Ra7 38. Re1 Bc3 39. Ree2 Bxd2 40. Rxd2 Rc2 41. Rxc2 Bxc2 42. Bd5 Rd7 43. Bc4 Rc7 44. Bd5 Bd1 45. g3 Rc5 46. Bb7 Rb5 47. Bc6 Rb6 48. Bd5 Rd6 49. Bb7 Bxf3 50. Bxf3 Kf6 51. h4 Ke5 52. Kg2 Kd4 53. Bd1 Kc3 54. Bf3 Kd2 55. Kf1 Ra6 56. Bd5 Ra1+ 57. Kg2 Ra7 58. Bc4 Ke1 59. f4 Rc7 60. Bd5 Ke2 61. Bf3+ Ke3 62. Bd5 Rd7 63. Bc4 Rd2+ 64. Kh3 f5 65. Ba6 Kf2 66. Bb5 Kg1 67. g4 Rb2 0-1

[Event "Candidates Blitz"]
[Site "Toronto CAN"]
[Date "2024.04.08"]
[Round "6.3"]
[White "Thavandiran, Shiyam"]
[Black "Plotkin, Mark"]
[Result "1-0"]
[WhiteElo "2347"]
[BlackElo "2344"]
[WhiteFideId "-1"]
[WhiteFideId "-1"]
[PlyCount "69"]
[GameId "2160767905997851"]
[EventDate "2024.04.08"]
[EventType "swiss (blitz)"]
[EventRounds "9"]
[EventCountry "CAN"]
[SourceTitle "10 Days #756"]
[Source "ChessMix "]
[SourceDate "2024.04.20"]
[SourceVersion "1"]
[SourceVersionDate "2024.04.20"]
[SourceQuality "1"]

1. e4 g6 2. d4 Bg7 3. Nc3 d6 4. Be3 a6 5. h4 h5 6. Nh3 b5 7. Ng5 e6 8. Bd3 Qe7 9. a4 b4 10. Ne2 Nf6 11. f3 Nc6 12. c3 Bd7 13. a5 O-O 14. Qd2 bxc3 15. bxc3 Rfb8 16. O-O Nh7 17. g4 Nf6 18. gxh5 Nxh5 19. Kh1 f6 20. Nh3 e5 21. Nf2 f5 22. Bc4+ Kh7 23. Bg5 Bf6 24. Rg1 exd4 25. cxd4 Rh8 26. Bd5 Bxg5 27. Rxg5 Nf6 28. Nf4 Nxd5 29. exd5 Kg7 30. Nxg6 Qf6 31. Nxh8+ Kxh8 32. Rag1 Be8 33. dxc6 f4 34. Ne4 Qh6 35. Qxf4 1-0

[Event "Candidates Blitz"]
[Site "Toronto CAN"]
[Date "2024.04.08"]
[Round "7.2"]
[White "Cheparinov, Ivan"]
[Black "Thavandiran, Shiyam"]
[Result "1-0"]
[WhiteElo "2638"]
[BlackElo "2347"]
[WhiteFideId "-1"]
[WhiteFideId "-1"]
[PlyCount "73"]
[GameId "2160767906006054"]
[EventDate "2024.04.08"]
[EventType "swiss (blitz)"]
[EventRounds "9"]
[EventCountry "CAN"]
[SourceTitle "10 Days #756"]
[Source "ChessMix "]
[SourceDate "2024.04.20"]
[SourceVersion "1"]
[SourceVersionDate "2024.04.20"]
[SourceQuality "1"]

1. e4 e6 2. d4 d5 3. e5 c5 4. c3 Nc6 5. Nf3 Bd7 6. Be2 Nge7 7. O-O Nf5 8. dxc5 Bxc5 9. b4 Bb6 10. Bd3 Qc7 11. Re1 O-O 12. a4 a6 13. Bxf5 exf5 14. a5 Ba7 15. Be3 Bxe3 16. Rxe3 f4 17. Re1 d4 18. Nxd4 Nxe5 19. Na3 Rfe8 20. Rc1 f3 21. Nxf3 Bg4 22. Re3 Nxf3+ 23. gxf3 Bh3 24. Qe2 Qc6 25. Kh1 Re6 26. Nc2 Rh6 27. Nd4 Qd7 28. Rg1 g6 29. Rg3 Bf5 30. f4 Qd5+ 31. Qf3 Qd7 32. Kg2 Rc8 33. h3 Rc7 34. Kh2 Qc8 35. Qg2 Rxc3 36. Rxc3 Qxc3 37. Rxc3 1-0

[Event "Candidates Blitz"]
[Site "Toronto CAN"]
[Date "2024.04.08"]
[Round "8.4"]
[White "Thavandiran, Shiyam"]
[Black "Tregubov, Pavel"]
[Result "0-1"]
[WhiteElo "2347"]
[BlackElo "2562"]
[WhiteFideId "-1"]
[WhiteFideId "-1"]
[PlyCount "117"]
[GameId "2160767906006068"]
[EventDate "2024.04.08"]
[EventType "swiss (blitz)"]
[EventRounds "9"]
[EventCountry "CAN"]
[SourceTitle "10 Days #756"]
[Source "ChessMix "]
[SourceDate "2024.04.20"]
[SourceVersion "1"]
[SourceVersionDate "2024.04.20"]
[SourceQuality "1"]

1. e4 c5 2. Nf3 e6 3. d4 cxd4 4. Nxd4 Nf6 5. Nc3 Nc6 6. Ndb5 Bb4 7. a3 Bxc3+ 8. Nxc3 d5 9. exd5 exd5 10. Bd3 O-O 11. O-O d4 12. Ne4 Bf5 13. Bg5 Bxe4 14. Bxe4 h6 15. Bxf6 Qxf6 16. Re1 Rad8 17. Qd2 b6 18. Rad1 Ne5 19. b3 Rd6 20. h3 Rfd8 21. a4 a5 22. f4 Nd7 23. Bd3 Nc5 24. Bc4 g6 25. Kh1 Kg7 26. Bb5 Re6 27. Bc4 Re4 28. Rf1 Re3 29. Bd3 Nxd3 30. cxd3 Rde8 31. Rf2 Qc6 32. Kg1 Qd5 33. b4 Rc8 34. bxa5 bxa5 35. f5 gxf5 36. Rdf1 Rc5 37. Qd1 Qe6 38. Rf4 Re2 39. Kh1 Qe3 40. R4f3 Qd2 41. Qxd2 Rxd2 42. Rxf5 Rcc2 43. Rxa5 Rxg2 44. Rg1 Rxg1+ 45. Kxg1 Rd2 46. Rb5 Rxd3 47. Kg2 Kf6 48. Rb6+ Kg5 49. a5 f5 50. a6 Kf4 51. Rxh6 Rd2+ 52. Kf1 Ra2 53. h4 d3 54. Rd6 Ke3 55. h5 Ra1+ 56. Kg2 d2 57. a7 Rxa7 58. Re6+ Kd3 59. Kf3 0-1

[Event "Candidates Blitz"]
[Site "Toronto CAN"]
[Date "2024.04.08"]
[Round "9.12"]
[White "Jaferian, Koosha"]
[Black "Thavandiran, Shiyam"]
[Result "0-1"]
[WhiteElo "2234"]
[BlackElo "2347"]
[WhiteFideId "-1"]
[WhiteFideId "-1"]
[PlyCount "68"]
[GameId "2160767906006088"]
[EventDate "2024.04.08"]
[EventType "swiss (blitz)"]
[EventRounds "9"]
[EventCountry "CAN"]
[SourceTitle "10 Days #756"]
[Source "ChessMix "]
[SourceDate "2024.04.20"]
[SourceVersion "1"]
[SourceVersionDate "2024.04.20"]
[SourceQuality "1"]

1. e4 e6 2. d4 d5 3. Nd2 c5 4. Ngf3 cxd4 5. Nxd4 Nf6 6. exd5 a6 7. N2f3 Qxd5 8. Be3 Nbd7 9. Be2 Ng4 10. Bc1 e5 11. Nb3 Qxd1+ 12. Bxd1 e4 13. Nfd4 Ngf6 14. O-O b5 15. Be2 Bb7 16. a4 b4 17. Bd2 g6 18. c3 bxc3 19. Bxc3 Nd5 20. Bd2 Bg7 21. Rfd1 O-O 22. Rac1 Rfe8 23. Bc4 Ne5 24. Na5 Nxc4 25. Rxc4 Bc8 26. Nac6 Bd7 27. a5 Rac8 28. Rdc1 f5 29. b4 Kf7 30. Na7 Rxc4 31. Rxc4 Ra8 32. Nac6 Rc8 33. Be1 Ke8 34. Bd2 Ne7 0-1

[Event "Trieste op 24th"]
[Site "Trieste"]
[Date "2022.09.05"]
[Round "4"]
[White "Thavandiran, Shiyam"]
[Black "Marzocchi, Tommaso"]
[Result "1-0"]
[WhiteElo "2363"]
[BlackElo "2223"]
[WhiteFideId "-1"]
[WhiteFideId "-1"]
[PlyCount "57"]
[GameId "1823056777441280"]
[EventDate "2022.09.03"]
[EventType "swiss"]
[EventRounds "9"]
[EventCountry "ITA"]
[SourceTitle "CBM 210 Extra"]
[Source "ChessBase"]
[SourceDate "2022.11.30"]
[SourceVersion "1"]
[SourceVersionDate "2022.11.30"]
[SourceQuality "1"]

1. e4 c5 2. Nf3 Nc6 3. Bb5 g6 4. O-O Bg7 5. c3 Nf6 6. Re1 O-O 7. d4 cxd4 8. cxd4 d5 9. e5 Ne4 10. Be3 Qb6 11. Bxc6 bxc6 12. Qc1 f6 13. exf6 exf6 14. Nc3 Re8 15. h3 Bf5 16. Na4 Qb5 17. Nc5 Nxc5 18. dxc5 Bd7 19. Qd2 a5 20. Bd4 Re4 21. Qc3 Qb4 22. Bxf6 Bxf6 23. Qxf6 Rf8 24. Qc3 Bxh3 25. Ne5 Rxe1+ 26. Rxe1 Qh4 27. Qg3 Qxg3 28. fxg3 Bf5 29. Nxc6 1-0

[Event "Wch U14"]
[Site "Batumi"]
[Date "2006.10.20"]
[Round "2"]
[White "Thavandiran, Shiyam"]
[Black "Aggelis, Nikolaos"]
[Result "1-0"]
[WhiteElo "2264"]
[BlackElo "2084"]
[WhiteFideId "-1"]
[WhiteFideId "-1"]
[PlyCount "107"]
[GameId "1166648892637184"]
[EventDate "2006.10.19"]
[EventType "swiss"]
[EventRounds "13"]
[EventCountry "GEO"]
[SourceTitle "EXT 2007"]
[Source "ChessBase"]
[SourceDate "2006.11.23"]
[SourceVersion "1"]
[SourceVersionDate "2006.11.23"]
[SourceQuality "1"]

1. e4 e5 2. Nf3 Nc6 3. Bb5 a6 4. Ba4 Nf6 5. O-O Be7 6. Bxc6 dxc6 7. d3 Bd6 8. h3 Qe7 9. b3 O-O 10. Nbd2 c5 11. Nc4 b5 12. Ne3 c6 13. Re1 Rd8 14. Bb2 g6 15. Qe2 Rb8 16. Nd2 Bc7 17. Qf3 Be6 18. Ng4 Nxg4 19. hxg4 Qg5 20. Bc1 Qf4 21. Qe2 Qf6 22. Bb2 Qg5 23. Bc1 Qf6 24. Bb2 Qg5 25. a4 c4 26. dxc4 bxc4 27. Nxc4 Bxg4 28. Bc1 Qh4 29. f3 Be6 30. Be3 Qe7 31. a5 Rb5 32. Nb6 Qb4 33. Ra4 Qc3 34. Nc4 Bxa5 35. Nxa5 Rxa5 36. Rxa5 Qxa5 37. Rd1 Rxd1+ 38. Qxd1 Kg7 39. Qc1 f6 40. Bf2 Qc3 41. Be1 Qc5+ 42. Bf2 Qc3 43. Qd1 Qb4 44. Qd8 Qb7 45. Bc5 Qf7 46. Qa8 g5 47. Qxc6 Qd7 48. Qxa6 Qd1+ 49. Kh2 Qe1 50. Qxe6 Qh4+ 51. Qh3 Qf4+ 52. Qg3 Qd2 53. Qf2 Qf4+ 54. g3 1-0

[Event "Foxwoods op 07th"]
[Site "Mashantucket"]
[Date "2005.03.27"]
[Round "8"]
[White "Thavandiran, Shiyam"]
[Black "Zapata, Alonso"]
[Result "0-1"]
[WhiteElo "2174"]
[BlackElo "2504"]
[WhiteFideId "-1"]
[WhiteFideId "-1"]
[PlyCount "86"]
[GameId "1166647298490368"]
[EventDate "2005.03.23"]
[EventType "swiss"]
[EventRounds "9"]
[EventCountry "USA"]
[SourceTitle "CBM 105 Extra"]
[Source "ChessBase"]
[SourceDate "2005.05.01"]
[SourceVersion "1"]
[SourceVersionDate "2005.05.01"]
[SourceQuality "1"]

1. e4 c5 2. Nf3 e6 3. Nc3 a6 4. d4 cxd4 5. Nxd4 b5 6. Bd3 d6 7. O-O Nf6 8. Be3 Be7 9. f3 O-O 10. Qe1 e5 11. Nb3 Be6 12. Rd1 Nc6 13. Qf2 Nb4 14. Rd2 Qb8 15. Rfd1 Rc8 16. Bf1 Rxc3 17. bxc3 Nxa2 18. Ra1 Nxc3 19. Rd3 Na4 20. Qe1 d5 21. exd5 Nxd5 22. Bd2 Nb2 23. Rxd5 Bxd5 24. Bc3 Qa7+ 25. Kh1 Nc4 26. Bxc4 Bxc4 27. Bxe5 Bf8 28. Nd2 Bd5 29. Ne4 Bxe4 30. Qxe4 Re8 31. f4 Qd7 32. Qf3 Re6 33. Rd1 Qc6 34. Qxc6 Rxc6 35. c3 f6 36. Bd4 Bc5 37. Kg1 Bxd4+ 38. cxd4 Kf7 39. Kf2 Ke7 40. Ke3 Kd6 41. Ke4 b4 42. Ra1 b3 43. Kd3 b2 0-1

[Event "Kitchener Futurity"]
[Site "Kitchener CAN"]
[Date "2003.07.25"]
[Round "1"]
[White "Jung, Hans"]
[Black "Thavandiran, Shiyam"]
[Result "1/2-1/2"]
[WhiteElo "2208"]
[BlackElo "1996"]
[WhiteFideId "-1"]
[WhiteFideId "-1"]
[PlyCount "142"]
[GameId "2160767911285157"]
[EventDate "2003.07.25"]
[EventType "schev"]
[EventRounds "10"]
[EventCountry "CAN"]
[SourceTitle "CBM 095 Extra"]
[Source "ChessBase"]
[SourceDate "2003.09.04"]
[SourceVersion "1"]
[SourceVersionDate "2003.09.04"]
[SourceQuality "1"]

1. e4 e6 2. d3 d5 3. Nd2 c5 4. Ngf3 Bd6 5. e5 Bc7 6. Nb3 Nc6 7. Nxc5 Nxe5 8. Nxe5 Bxe5 9. d4 Bd6 10. Bb5+ Kf8 11. Nb3 Qh4 12. Qe2 a6 13. Bd3 a5 14. c3 Ne7 15. Nd2 Nc6 16. Nf3 Qd8 17. Ng5 h6 18. Qh5 Qc7 19. Nf3 Bd7 20. O-O Be8 21. Re1 Kg8 22. Ne5 Bxe5 23. dxe5 f5 24. Qe2 Bg6 25. f4 Kh7 26. Be3 Rhd8 27. Qf2 Qd7 28. Bb6 Rdc8 29. Bb5 Qe7 30. Rac1 Be8 31. Bc5 Qd7 32. Bb6 Qe7 33. Bd3 Bg6 34. a3 Nb8 35. b4 axb4 36. axb4 Nd7 37. Bd4 Ra3 38. Qb2 Rca8 39. Ra1 Rxa1 40. Rxa1 Rxa1+ 41. Qxa1 Qh4 42. g3 Qg4 43. Bb5 Nb8 44. Bf1 Nc6 45. Bf2 Bh5 46. b5 Ne7 47. Bg2 Qe2 48. Bf1 Qc2 49. Bg2 Be2 50. Bc5 Ng6 51. b6 h5 52. h4 Nh8 53. Qe1 Bd3 54. Bf3 Be4 55. Qd1 Qxc3 56. Bxe4 Qxc5+ 57. Kh2 Qf2+ 58. Bg2 Nf7 59. Qg1 Qc2 60. Kh1 Qb3 61. Qf2 Nh6 62. Bf3 g6 63. Kg2 Ng4 64. Bxg4 hxg4 65. Qc5 Qa2+ 66. Kg1 Qb1+ 67. Kh2 Qb2+ 68. Kg1 Qa1+ 69. Kh2 Qb2+ 70. Kg1 Qa1+ 71. Kh2 Qb2+ 1/2-1/2

[Event "Kitchener Futurity"]
[Site "Kitchener CAN"]
[Date "2003.07.29"]
[Round "6"]
[White "Thavandiran, Shiyam"]
[Black "Jung, Hans"]
[Result "1/2-1/2"]
[WhiteElo "1996"]
[BlackElo "2208"]
[WhiteFideId "-1"]
[WhiteFideId "-1"]
[PlyCount "67"]
[GameId "2160767911285183"]
[EventDate "2003.07.25"]
[EventType "schev"]
[EventRounds "10"]
[EventCountry "CAN"]
[SourceTitle "CBM 095 Extra"]
[Source "ChessBase"]
[SourceDate "2003.09.04"]
[SourceVersion "1"]
[SourceVersionDate "2003.09.04"]
[SourceQuality "1"]

1. e4 d5 2. exd5 Qxd5 3. Nf3 Nf6 4. Be2 e5 5. Nc3 Qa5 6. d4 exd4 7. Nxd4 Ne4 8. Bb5+ c6 9. Qe2 f5 10. Bd2 Qd8 11. Nxe4 fxe4 12. Qh5+ Kd7 13. Bc4 Kc7 14. Bf4+ Kb6 15. a4 a5 16. Nb3 Ka7 17. Rd1 Nd7 18. O-O b6 19. Nd4 Bb7 20. Ne6 Qe7 21. Be3 Nf6 22. Qxa5+ Kb8 23. Bf4+ Kc8 24. Qxb6 Nd5 25. Bxd5 cxd5 26. Bd6 Qxd6 27. Qxd6 Bxd6 28. b3 Kd7 29. Nxg7 Raf8 30. c4 h5 31. cxd5 e3 32. fxe3 Rxf1+ 33. Kxf1 Rf8+ 34. Kg1 1/2-1/2

[Event "Titled Tuesday 2025.04.15 Early"]
[Site "chess.com INT"]
[Date "2025.04.15"]
[Round "1"]
[White "Thavandiran, Shiyam"]
[Black "Jota, Jonathan"]
[Result "1-0"]
[WhiteElo "2398"]
[BlackElo "2144"]
[WhiteFideId "-1"]
[WhiteFideId "-1"]
[PlyCount "63"]
[GameId "2169191048399742"]
[EventDate "2025.04.15"]
[EventType "swiss (blitz)"]
[EventRounds "11"]
[EventCountry "NET"]
[SourceTitle "The Week in Chess 1589"]
[Source "Mark Crowther"]
[SourceDate "2025.04.21"]
[SourceVersion "1"]
[SourceVersionDate "2025.04.21"]
[SourceQuality "2"]

1. e4 e6 2. d4 d5 3. exd5 exd5 4. Nf3 Bd6 5. Bd3 Ne7 6. O-O O-O 7. h3 c6 8. c4 dxc4 9. Bxc4 Nd7 10. Nc3 Nb6 11. Bb3 Bf5 12. Ne5 Ned5 13. Qf3 Be6 14. Ne4 f6 15. Nd3 Rb8 16. Bd2 Qc7 17. Rfe1 Rfe8 18. h4 Nd7 19. h5 h6 20. Re2 Bf7 21. Rae1 Rbd8 22. Qg4 Bf8 23. Nf4 Qc8 24. Ng6 N7b6 25. Qf3 Qd7 26. Nc5 Bxc5 27. dxc5 Rxe2 28. Rxe2 Nc8 29. Qg3 Re8 30. Rxe8+ Qxe8 31. Bxd5 cxd5 32. Nf4 1-0

[Event "Titled Tuesday 2025.04.15 Early"]
[Site "chess.com INT"]
[Date "2025.04.15"]
[Round "2"]
[White "Velavaa Ragavesh"]
[Black "Thavandiran, Shiyam"]
[Result "0-1"]
[WhiteElo "2107"]
[BlackElo "2398"]
[WhiteFideId "-1"]
[WhiteFideId "-1"]
[PlyCount "104"]
[GameId "2169191048522899"]
[EventDate "2025.04.15"]
[EventType "swiss (blitz)"]
[EventRounds "11"]
[EventCountry "NET"]
[SourceTitle "The Week in Chess 1589"]
[Source "Mark Crowther"]
[SourceDate "2025.04.21"]
[SourceVersion "1"]
[SourceVersionDate "2025.04.21"]
[SourceQuality "2"]

1. d4 Nf6 2. c4 e6 3. Nf3 a6 4. Nc3 d5 5. Bg5 dxc4 6. e4 b5 7. e5 h6 8. Bh4 g5 9. exf6 gxh4 10. a4 b4 11. Ne4 Bb7 12. Qc2 b3 13. Qb1 Bb4+ 14. Nc3 Qxf6 15. Be2 Nc6 16. Bxc4 Nxd4 17. Qd3 Bxf3 18. gxf3 Bxc3+ 19. bxc3 Nc2+ 20. Ke2 Qe5+ 21. Qe4 Qxe4+ 22. fxe4 Nxa1 23. Rxa1 Ke7 24. Bxb3 Rhb8 25. Bc2 Rb2 26. Rc1 Rd8 27. f3 a5 28. Ke3 e5 29. h3 c5 30. Bd3 Rd6 31. Rg1 Rg6 32. Rd1 Rg3 33. Bb5 Rb3 34. Rd7+ Ke6 35. Rd3 Ra3 36. Bc4+ Kf6 37. Bb5 Rxh3 38. Be8 Ke7 39. Bb5 Rg3 40. Rd7+ Ke6 41. Rd3 h3 42. Bc4+ Ke7 43. Rd1 h2 44. Rh1 Rxc3+ 45. Bd3 Rg2 46. f4 c4 47. fxe5 Rxd3+ 48. Kf4 c3 49. e6 fxe6 50. Ke5 c2 51. Rf1 Rg5+ 52. Kf4 e5# 0-1

[Event "Titled Tuesday 2025.04.15 Early"]
[Site "chess.com INT"]
[Date "2025.04.15"]
[Round "3"]
[White "Deac, Bogdan-Daniel"]
[Black "Thavandiran, Shiyam"]
[Result "1-0"]
[WhiteElo "2668"]
[BlackElo "2398"]
[WhiteFideId "-1"]
[WhiteFideId "-1"]
[PlyCount "69"]
[GameId "2169191048600914"]
[EventDate "2025.04.15"]
[EventType "swiss (blitz)"]
[EventRounds "11"]
[EventCountry "NET"]
[SourceTitle "The Week in Chess 1589"]
[Source "Mark Crowther"]
[SourceDate "2025.04.21"]
[SourceVersion "1"]
[SourceVersionDate "2025.04.21"]
[SourceQuality "2"]

1. d4 Nf6 2. c4 e6 3. Nc3 Bb4 4. e3 O-O 5. Bd2 d5 6. Nf3 Nbd7 7. Rc1 a6 8. cxd5 exd5 9. Qb3 Bxc3 10. Bxc3 c6 11. Bd3 Ne4 12. O-O Re8 13. Qc2 Nf8 14. Nd2 Qe7 15. Rce1 Bf5 16. Nb3 Bg6 17. f3 Nxc3 18. bxc3 Bxd3 19. Qxd3 Ne6 20. e4 dxe4 21. fxe4 Rad8 22. e5 Qc7 23. Nd2 c5 24. d5 c4 25. Nxc4 Qc5+ 26. Ne3 Nf4 27. Rxf4 Rxe5 28. Qd4 Qe7 29. Rff1 Re8 30. Nf5 Qf6 31. Rxe5 Qxe5 32. Qxe5 Rxe5 33. c4 b5 34. d6 g6 35. d7 1-0

[Event "Titled Tuesday 2025.04.15 Early"]
[Site "chess.com INT"]
[Date "2025.04.15"]
[Round "4"]
[White "Thavandiran, Shiyam"]
[Black "Nurgaliyeva, Zarina"]
[Result "1/2-1/2"]
[WhiteElo "2398"]
[BlackElo "2199"]
[WhiteFideId "-1"]
[WhiteFideId "-1"]
[PlyCount "92"]
[GameId "2169191048715892"]
[EventDate "2025.04.15"]
[EventType "swiss (blitz)"]
[EventRounds "11"]
[EventCountry "NET"]
[SourceTitle "The Week in Chess 1589"]
[Source "Mark Crowther"]
[SourceDate "2025.04.21"]
[SourceVersion "1"]
[SourceVersionDate "2025.04.21"]
[SourceQuality "2"]

1. e4 e5 2. Nf3 Nc6 3. Nc3 Nf6 4. Bb5 Bb4 5. O-O O-O 6. d3 d6 7. Bg5 Ne7 8. Ne2 Ng6 9. Ng3 h6 10. Bc1 c6 11. Ba4 a5 12. c3 Bc5 13. d4 Ba7 14. h3 b5 15. Bc2 Qe7 16. Re1 Rd8 17. Nf5 Qc7 18. Nh2 Bxf5 19. exf5 Ne7 20. Ng4 Ned5 21. dxe5 dxe5 22. Qf3 Nxg4 23. Qxg4 Kh8 24. a4 Re8 25. axb5 cxb5 26. Qf3 Nf6 27. Qg3 b4 28. Ba4 Re7 29. cxb4 axb4 30. Qh4 Qb6 31. Be3 Qa6 32. Bb3 Qc6 33. Rac1 Qa6 34. Ra1 Qc6 35. Rec1 Qd6 36. Bxa7 Raxa7 37. Rxa7 Rxa7 38. Rc8+ Kh7 39. Qg3 Rc7 40. Ra8 Rc1+ 41. Kh2 Ne4 42. Bxf7 Nxg3 43. Bg8+ Kh8 44. Bf7+ Kh7 45. Bg8+ Kh8 46. Bf7+ Kh7 1/2-1/2